|
|
|
|
| LEADER |
00000nam a22000007a 4500 |
| 005 |
20210427234758.0 |
| 007 |
cr|||| |||| |
| 008 |
210427s2020 co |||||s|||| 00||0 spa d |
| 020 |
|
|
|a 978-958-784-507-5
|
| 035 |
|
|
|a 33135
|
| 040 |
|
|
|a vLex
|
| 090 |
|
|
|c 11546
|d 11546
|
| 100 |
1 |
|
|a Torres Villarreal, Mara̕ Luca̕
|
| 245 |
1 |
0 |
|a Desafo̕s migratorios
|h [Recurso electrn̤ico] :
|b realidades desde diversas orillas /
|c Mara̕ Luca̕ Torres Villarreal, Mara̕ Teresa Palacios Sanabria, Fernanda Navas-Camargo
|
| 256 |
|
|
|a Servicio en ln̕ea
|
| 260 |
|
|
|a Bogot:̀
|b Editorial Universidad de Rosario (Colombia),
|c 2020
|
| 300 |
|
|
|a 1 recurso electrn̤ico
|
| 506 |
1 |
|
|a Disponible solo en los productos indicados
|d vLex Global
|d vLex Global (Academic Edition, excluding Law Schools)
|d vLex Global (U.S. Academic Edition, Law Schools)
|d vLex Global (U.S. Academic Edition, excluding Law Schools)
|d vLex Global (Academic Edition, Law Schools)
|
| 650 |
0 |
4 |
|a Derecho Internacional
|z Colombia
|
| 650 |
0 |
4 |
|a Derecho Pb︢lico y Administrativo
|z Colombia
|
| 700 |
1 |
|
|a Palacios Sanabria, Mara̕ Teresa
|
| 700 |
1 |
|
|a Navas-Camargo, Fernanda
|
| 740 |
0 |
|
|a vLex Libros (Servicio en ln̕ea)
|
| 856 |
4 |
0 |
|u https://vlex.com/source/desafios-migratorios-realidades-diversas-orillas-33135
|z Acceso restringido
|
| 942 |
|
|
|c BOOK
|
| 999 |
0 |
|
|a International Law
|
| 999 |
0 |
|
|a Public and Administrative Law
|